logo

Bir Sreshtho Munshi Abdur Rouf Library
Jhenaidah Cadet College

The Caliphate / (Record no. 4498)

MARC details
000 -LEADER
fixed length control field 00500nam a2200193 a 4500
003 - CONTROL NUMBER IDENTIFIER
JCCL marc code BD-JhCC
005 - DATE AND TIME OF LATEST TRANSACTION
control field 20171127204931.0
008 - FIXED-LENGTH DATA ELEMENTS--GENERAL INFORMATION
fixed length control field 171109s1965 pk |||| |||| 000 0 eng d
035 ## - SYSTEM CONTROL NUMBER
system control number (BD-JhCC)
040 ## - CATALOGING SOURCE
Original cataloging agency BD-JhCC
Modifying agency BD-JhCC
041 ## - LANGUAGE CODE
Language code of Book eng
082 ## - DEWEY DECIMAL CLASSIFICATION NUMBER
Classification number 909.097671
Author mark and Year ARN 1965
100 ## - MAIN ENTRY--PERSONAL NAME
Personal name Arnold, Thomas W.
245 ## - TITLE STATEMENT
Title The Caliphate /
Statement of responsibility, etc Sir Thomas W. Arnold
260 ## - PUBLICATION, DISTRIBUTION, ETC. (IMPRINT)
Place of publication, distribution, etc Pakistan:
Name of publisher, distributor, etc Oxford University Press;
Date of publication, distribution, etc 1965
300 ## - PHYSICAL DESCRIPTION
Pagination 267 p. :
Dimensions 22 cm.
650 ## - SUBJECT ADDED ENTRY--TOPICAL TERM
Topical term or geographic name as entry element Caliphate
942 ## - ADDED ENTRY ELEMENTS (KOHA)
Source of classification or shelving scheme Dewey Decimal Classification
Koha item type Books
Holdings
Source of classification or shelving scheme Damaged status Not for loan Home library Current library Shelving location Date of accession Cost, normal purchase price Total Checkouts Full call number Barcode Date last seen Copy number Koha item type
Dewey Decimal Classification     JCC Rouf Library JCC Rouf Library General Stacks 11/27/2017 10.00   909.097671 ARN 1965 6381 11/27/2017 C-1 Books
Dewey Decimal Classification     JCC Rouf Library JCC Rouf Library General Stacks 11/27/2017 10.00   909.097671 ARN 1965 6380 11/27/2017 C-2 Books
Dewey Decimal Classification     JCC Rouf Library JCC Rouf Library General Stacks 11/28/2017     909.097671 ARN 1965 6369 11/28/2017 C- 3 Books
Dewey Decimal Classification     JCC Rouf Library JCC Rouf Library General Stacks 12/04/2017     909.097671 ARN 1965 6451 12/04/2017 C- 4 Books
Dewey Decimal Classification     JCC Rouf Library JCC Rouf Library General Stacks 12/04/2017     909.097671 ARN 1965 6450 12/04/2017 C- 5 Books
Dewey Decimal Classification     JCC Rouf Library JCC Rouf Library General Stacks 12/04/2017     909.097671 ARN 1965 6449 12/04/2017 C- 6 Books

JCC Library | Contacts | JCC Home

Last Update on 23 September 2017
Copyright @ 2017-2020 JCC Rouf Library
Rouf Library, Jhenidah Cadet College (JCC), Bangladesh